Komunikácia o udržateľnosti firiem v Európskej únií diplomová práca

Saved in:
Bibliographic Details
Main Author: Debnár, Radovan
Corporate Author: Obchodná fakulta EU. Katedra marketingu
Other Authors: Chomová, Katarína, 1983-
Format: Book
Language:Slovak
Published: Bratislava 2024
Tags: Add Tag
No Tags, Be the first to tag this record!

MARC

LEADER 00000nbm a2200000 4500
001 0302225
005 20241206151218.9
041 0 |a slo 
044 |a SK 
245 1 0 |a Komunikácia o udržateľnosti firiem v Európskej únií  |b diplomová práca  |c Radovan Debnár ; školiteľ: Katarína Chomová 
264 1 |a Bratislava  |c 2024 
300 |a 73 s. 
100 1 |a Debnár, Radovan 
700 1 |a Chomová, Katarína, 1983- 
710 2 |a Obchodná fakulta EU. Katedra marketingu